| 000 | nam a22 7a 4500 | ||
|---|---|---|---|
| 999 |
_c1356 _d1356 |
||
| 005 | 20170509114103.0 | ||
| 008 | 170509b1974 ny ||||| |||| 00| 0 eng d | ||
| 020 | _a0582285356 | ||
| 040 | _aAKMAL | ||
| 082 | _a302.213 HIE | ||
| 090 |
_a302.213 _bHIE |
||
| 100 | 1 |
_aHiebert, Ray Eldon _92659 |
|
| 245 | 1 | 0 |
_aMass media IV : _ban introduction to modern communication / _cRay Eldon Hiebert, Donald F. Ungurait, Thomas W. Bohn |
| 260 |
_aNew York ; _a London : _b Longman, _cc1985 |
||
| 300 |
_axv,687p. : _bill., facsims.,ports. ; _c24cm |
||
| 500 | _aBibliography: p668-680. _ Includes index | ||
| 650 | 0 |
_aMass media _92649 |
|
| 650 | 0 |
_aCommunication _9486 |
|
| 700 |
_aUngurait, Donald F _92660 |
||
| 700 |
_aBohn, Thomas W _92661 |
||
| 942 |
_2ddc _cBOOK |
||